[Event "CAN-ch"]
[Site "Toronto"]
[Date "2025.04.18"]
[Round "3"]
[White "Singh Dhaliwal, Jaipreet"]
[Black "Yang, Ryan"]
[Result "0-1"]
[WhiteElo "2109"]
[BlackElo "1953"]
[PlyCount "88"]
[EventDate "2025.04.18"]
[EventType "swiss"]
[EventRounds "9"]
[EventCountry "CAN"]
[SourceTitle "CB17_2025"]
[SourceDate "2025.04.23"]
[SourceVersion "1"]
[SourceVersionDate "2025.04.23"]
[SourceQuality "1"]

1. e4 c5 2. Nf3 e6 3. d4 cxd4 4. Nxd4 Nc6 5. Nc3 Qc7 6. Qd3 Nf6 7. Ndb5 Qb8 8. Qg3 d6 9. Be3 a6 10. Nd4 Bd7 11. Bd3 h5 12. f4 Ng4 13. Bg1 Be7 14. h3 Nf6 15. Be3 h4 16. Qf3 Qc7 17. 0-0 Rc8 18. Nb3 Nb8 19. a4 Bc6 20. Qf2 Nbd7 21. a5 Nh5 22. Rfe1 Ng3 23. Bd4 Bf6 24. Bxf6 Nxf6 25. Nd4 d5 26. exd5 Nxd5 27. Nxd5 Bxd5 28. c4 Bxc4 29. Rec1 Bxd3 30. Rxc7 Rxc7 31. Qd2 Be4 32. Qb4 Rh5 33. Re1 Rhc5 34. Ne2 Rc4 35. Qd6 Nf5 36. Qb6 Rd7 37. Nc3 Bc6 38. Qf2 Rcd4 39. Kh2 Rd2 40. Re2 Rxe2 41. Qxe2 Ng3 42. Qe5 Rd2 43. Qb8+ Kd7 44. Nd5 Bxd5 0-1

[Event "Canadian op"]
[Site "Laval"]
[Date "2024.07.15"]
[Round "4"]
[White "Le Goff, Ronan"]
[Black "Singh Dhaliwal, Jaipreet"]
[Result "1-0"]
[WhiteElo "2218"]
[BlackElo "2005"]
[PlyCount "163"]
[EventDate "2024.07.13"]
[EventType "swiss"]
[EventRounds "9"]
[EventCountry "CAN"]
[SourceTitle "EXT 2025"]
[Source "ChessBase"]
[SourceDate "2024.10.14"]
[SourceVersion "1"]
[SourceVersionDate "2024.10.14"]
[SourceQuality "1"]

1. Nf3 Nf6 2. d4 g6 3. e3 Bg7 4. Be2 0-0 5. 0-0 d6 6. b3 Nbd7 7. Bb2 Re8 8. c4 c6 9. Nc3 e5 10. dxe5 dxe5 11. b4 Qe7 12. a3 e4 13. Nd2 b6 14. Qc2 Bb7 15. Rfd1 Rad8 16. Nb3 a6 17. Na4 c5 18. bxc5 bxc5 19. Rab1 Rb8 20. Na5 Ba8 21. Nc3 Nb6 22. Ba1 Qc7 23. Nb3 Red8 24. Rd2 Rd7 25. a4 Rbd8 26. Rxd7 Nbxd7 27. Rd1 Re8 28. h3 h5 29. Bf1 Ne5 30. Nd5 Qa7 31. Nxf6+ Bxf6 32. Rd6 Bg7 33. Qd1 Re7 34. Rd8+ Kh7 35. Nxc5 Qxc5 36. Rxa8 Rd7 37. Qb1 Qc6 38. Re8 Qxa4 39. Bxe5 Bxe5 40. Rxe5 Rd1 41. Qxe4 Rxf1+ 42. Kh2 Kg7 43. Qd4 Rd1 44. Ra5+ Rxd4 45. Rxa4 Rd6 46. Kg3 Kf6 47. Kf4 Ke6 48. f3 Rc6 49. Ke4 Rd6 50. c5 Rc6 51. Rd4 Ke7 52. Kd5 Kd7 53. Rb4 Kc7 54. Re4 Re6 55. Rf4 Re7 56. Rf6 Kb7 57. Rb6+ Ka7 58. e4 a5 59. Rb2 Rd7+ 60. Kc6 Rd3 61. Kb5 Rc3 62. Rd2 Kb8 63. Kxa5 Rxc5+ 64. Kb6 Rc8 65. Rd7 Rf8 66. Kc6 Rc8+ 67. Kd6 Rc2 68. Rxf7 Rxg2 69. e5 Rd2+ 70. Ke6 Kc8 71. Kf6 Rd4 72. Kxg6 Rh4 73. e6 Kd8 74. f4 Rxh3 75. f5 Rg3+ 76. Kxh5 Ke8 77. Ra7 Rg1 78. f6 Rh1+ 79. Kg4 Rg1+ 80. Kh3 Rh1+ 81. Kg2 Ra1 82. Rxa1 1-0

[Event "Canadian op"]
[Site "Laval"]
[Date "2024.07.13"]
[Round "1"]
[White "Singh Dhaliwal, Jaipreet"]
[Black "Murali, Dhruv"]
[Result "1-0"]
[WhiteElo "2005"]
[BlackElo "1702"]
[PlyCount "49"]
[EventDate "2024.07.13"]
[EventType "swiss"]
[EventRounds "9"]
[EventCountry "CAN"]
[SourceTitle "EXT 2025"]
[Source "ChessBase"]
[SourceDate "2024.10.14"]
[SourceVersion "1"]
[SourceVersionDate "2024.10.14"]
[SourceQuality "1"]

1. e4 g6 2. d4 Bg7 3. Nc3 d6 4. f4 Nc6 5. Be3 e6 6. Nf3 d5 7. e5 h5 8. Qd2 Nge7 9. 0-0-0 Bd7 10. h3 Nf5 11. Bf2 Nce7 12. Bd3 Nh6 13. Rdg1 c6 14. g4 hxg4 15. hxg4 Qc7 16. Be3 Nhg8 17. Rxh8 Bxh8 18. Qh2 Bg7 19. Qh7 Kf8 20. Nh4 Qc8 21. Rf1 Nh6 22. f5 Nxg4 23. f6 Bxf6 24. exf6 Ng8 25. Qg7+ 1-0

[Event "Canadian op"]
[Site "Calgary"]
[Date "2023.07.30"]
[Round "10"]
[White "Singh Dhaliwal, Jaipreet"]
[Black "Boehmer, Kris"]
[Result "1-0"]
[WhiteElo "1764"]
[BlackElo "2117"]
[PlyCount "65"]
[EventDate "2023.07.22"]
[EventType "swiss"]
[EventRounds "10"]
[EventCountry "CAN"]
[SourceTitle "EXT 2024"]
[Source "ChessBase"]
[SourceDate "2023.10.10"]
[SourceVersion "1"]
[SourceVersionDate "2023.10.10"]
[SourceQuality "1"]

1. e4 c6 2. d4 d5 3. e5 c5 4. c3 Nc6 5. Nf3 cxd4 6. cxd4 Bg4 7. Bb5 e6 8. Be3 Bb4+ 9. Nbd2 Nge7 10. 0-0 Bxd2 11. Qxd2 Bxf3 12. gxf3 Nf5 13. Kh1 0-0 14. Rg1 f6 15. Bxc6 bxc6 16. Bf4 Kh8 17. Rae1 Qd7 18. Be3 a5 19. Qc3 Rfc8 20. Qd3 c5 21. dxc5 Rxc5 22. Bf4 Rac8 23. Bd2 a4 24. exf6 gxf6 25. Bb4 Rc4 26. Rg4 d4 27. a3 Rc1 28. Rge4 Rxe1+ 29. Rxe1 Kg7 30. Qe4 Kf7 31. Rg1 Rg8 32. Rxg8 Kxg8 33. Qa8+ 1-0

[Event "Toronto Excelsior IM 06"]
[Site "Toronto"]
[Date "2023.06.15"]
[Round "5"]
[White "Nagy, Gabor"]
[Black "Singh Dhaliwal, Jaipreet"]
[Result "1-0"]
[WhiteElo "2468"]
[BlackElo "1747"]
[PlyCount "125"]
[EventDate "2023.06.13"]
[EventType "tourn"]
[EventRounds "9"]
[EventCountry "CAN"]
[SourceTitle "CBM 215 Extra"]
[Source "ChessBase"]
[SourceDate "2023.09.30"]
[SourceVersion "1"]
[SourceVersionDate "2023.09.30"]
[SourceQuality "1"]

1. Nf3 Nf6 2. c4 g6 3. Nc3 Bg7 4. d4 0-0 5. Bg5 d6 6. e3 c5 7. Be2 a6 8. 0-0 Nc6 9. h3 cxd4 10. exd4 b6 11. Re1 Nb8 12. Bf1 e6 13. Nd2 d5 14. Rc1 dxc4 15. Qf3 Ra7 16. Nxc4 Bb7 17. Qf4 Nbd7 18. a4 Qa8 19. Nd6 Bc6 20. b4 Nh5 21. Qh4 Bf6 22. b5 h6 23. Bxf6 Ndxf6 24. f3 axb5 25. axb5 Bd5 26. Nce4 Kg7 27. g4 g5 28. Nxg5 hxg5 29. Qxg5+ Kh8 30. Qh6+ Nh7 31. Qxh5 f5 32. Qh4 Qb8 33. Nc4 Qf4 34. Ne5 Rg7 35. Qf2 fxg4 36. hxg4 Ng5 37. Qh2+ Qxh2+ 38. Kxh2 Nxf3+ 39. Nxf3 Rxf3 40. Rc8+ Kh7 41. Be2 Re3 42. Kg1 Rxg4+ 43. Kf2 Rge4 44. Rc7+ Kg6 45. Bh5+ Kxh5 46. Rxe3 Rxd4 47. Rg3 Kh6 48. Rc8 Kh7 49. Rb8 Rf4+ 50. Ke1 Re4+ 51. Kd2 Rd4+ 52. Kc2 Be4+ 53. Kc3 Rd6 54. Rg4 Bd3 55. Rg5 Bf5 56. Rg2 Rd3+ 57. Kc4 Rd6 58. Rc8 Bd3+ 59. Kb4 Rd4+ 60. Kc3 Rd5 61. Rc7+ Kh8 62. Ra2 Rd8 63. Rd2 1-0

[Event "Toronto Excelsior IM 06"]
[Site "Toronto"]
[Date "2023.06.15"]
[Round "6"]
[White "Singh Dhaliwal, Jaipreet"]
[Black "Almeida Quintana, Omar"]
[Result "0-1"]
[WhiteElo "1747"]
[BlackElo "2520"]
[PlyCount "134"]
[EventDate "2023.06.13"]
[EventType "tourn"]
[EventRounds "9"]
[EventCountry "CAN"]
[SourceTitle "CBM 215 Extra"]
[Source "ChessBase"]
[SourceDate "2023.09.30"]
[SourceVersion "1"]
[SourceVersionDate "2023.09.30"]
[SourceQuality "1"]

1. e4 g6 2. d4 Bg7 3. Nc3 d6 4. f4 a6 5. Be3 b5 6. a3 Nd7 7. Nf3 Bb7 8. Qd2 Ngf6 9. Bd3 Rc8 10. d5 c6 11. dxc6 Bxc6 12. h3 0-0 13. 0-0 Bb7 14. Bd4 Nc5 15. Rae1 Ne6 16. Be3 d5 17. exd5 Nxd5 18. Nxd5 Qxd5 19. f5 Nc5 20. fxg6 hxg6 21. Bh6 Nxd3 22. cxd3 Bxh6 23. Qxh6 Rc2 24. d4 Qd6 25. Qh4 Rxb2 26. Qxe7 Qxe7 27. Rxe7 Bd5 28. Rd7 Be6 29. Ra7 Rc8 30. Rd1 Rcc2 31. Ne1 Re2 32. Rxa6 Bb3 33. Rc1 Bd5 34. Rd6 Bxg2 35. Nxg2 Rxg2+ 36. Kh1 Rh2+ 37. Kg1 Rbg2+ 38. Kf1 Rd2 39. Kg1 Rxh3 40. Ra1 Rhd3 41. Rb6 Rb3 42. Rd6 b4 43. a4 Ra3 44. Rf1 Raa2 45. Rb1 Rxa4 46. Rd8+ Kg7 47. d5 b3 48. Rb8 Ra3 49. R1xb3 Rxb3 50. Rxb3 Rxd5 51. Kg2 g5 52. Rb6 f6 53. Kf3 Kg6 54. Kg4 Rd1 55. Rb8 f5+ 56. Kf3 Rd3+ 57. Kf2 f4 58. Rb5 Kh5 59. Rb1 g4 60. Rh1+ Kg5 61. Ra1 Rd2+ 62. Kg1 f3 63. Rb1 Kh4 64. Rb4 Kg3 65. Rb1 Rg2+ 66. Kf1 Rh2 67. Kg1 f2+ 0-1